000 00821cam a2200253u 4500
999 _c17673
_d17673
001 10148296
003 ASL
005 20231015025623.0
008 811117s1929 enk 000 0 eng
010 _a 29007302
040 _aDLC
_cASL
_dASL
043 _aa-ii---
050 0 0 _aBV3265
_b.M35
082 _a266.0954
_bMAC
100 _aMayhew, Arthur,
_d1878- [from old catalog]
_9541
245 1 0 _aChristianity and the government of India/
_cArthur Mayhew
260 _aLondon:
_bFaber & Gwyer limited,
_c1929.
300 _a2 p. l., vii-xi 13-260 p.
_c23 cm.
504 _aIncludes bibliographical references
650 0 _aMissions
_zIndia.
651 0 _aIndia
_xPolitics and government.
_vReligion
_vSociety
_yChristain
_yBritish Government
906 _a0
_bcbc
_cpremunv
_du
_encip
_f19
_gy-gencatlg
942 _2ddc
_cBK